000 01239nam a22003497a 4500
003 CHAP
005 20220329143413.0
008 090420s1975 es a r 00010 spa d
010 _a96082
011 _a97054
020 _a8471121565
035 _a107714
040 _cCHAP
082 0 4 _a155.413
_bIn49y
100 1 _aInhelder, Bärbel.
_958413
245 1 0 _aAprendizaje y estructuras del conocimiento
_c/por Bärbel Inhelder, Hermine Sinclair y Magali Bovet
260 _aMadrid :
_bMorata,
_cc1975
300 _a351 p. :
_bilus., tablas
500 _aTrad. de: Apprentissage et structures de la connaissance, c1974
590 _aBATCH-UPD
_b10
_c20130110
_lUCH01
_h0622
590 _aBATCH-UPD
_b10
_c20130410
_lUCH01
_h0305
590 _aBATCH-UPD
_b10
_c20130914
_lUCH01
_h0745
590 _aCONVERSION
_b10
_c20130109
_lUCH01
_h1353
650 1 4 _aAprendizaje.
_96370
650 1 4 _aConocimiento, Teoría del.
_927232
700 1 _aBovet, Magali
_914813
700 1 _aSinclair, Hermine
_9106548
901 _aBK
942 _cLIBRO
949 _a155.413 In49y
_bBC
_cLIBRO
_d33724002092644
_eLIBRO
_gI.c/e
_h110438
_i107714
_sb
_t$370.00
949 _a155.413 In49y
_bBC
_cLIBRO
_d33724002092686
_eLIBRO
_fc.2
_gI.c/e
_h110439
_i107714
_sb
_t$370.00
999 _c96082
_d96082